[Event "Avicenna op 16th"]
[Site "Hamedan"]
[Date "2019.09.16"]
[Round "6"]
[White "Guliev, Logman"]
[Black "Moradi, Amirmasoud"]
[Result "0-1"]
[WhiteElo "2278"]
[BlackElo "2365"]
[PlyCount "78"]
[EventDate "2019.09.12"]
[EventType "swiss"]
[EventRounds "9"]
[EventCountry "IRI"]
[SourceTitle "EXT 2020"]
[Source "ChessBase"]
[SourceDate "2019.10.17"]
[SourceVersion "1"]
[SourceVersionDate "2019.10.17"]
[SourceQuality "1"]

1. e4 e5 2. Nf3 Nc6 3. Bb5 a6 4. Ba4 Nf6 5. 0-0 b5 6. Bb3 Bc5 7. Nc3 0-0 8. d3 d6 9. Nd5 h6 10. c3 Rb8 11. h3 Ba7 12. a4 b4 13. Be3 bxc3 14. bxc3 Bxe3 15. Nxe3 Ne7 16. Rb1 Bd7 17. Nh4 g5 18. Qf3 Kg7 19. Nhf5+ Nxf5 20. Nxf5+ Bxf5 21. Qxf5 a5 22. d4 Re8 23. h4 Qd7 24. hxg5 Qxf5 25. gxh6+ Kxh6 26. exf5 exd4 27. cxd4 Re4 28. Bxf7 Rxb1 29. Rxb1 Rxd4 30. Rb7 c5 31. Ra7 Rxa4 32. Ra6 Kg7 33. Be6 d5 34. f3 c4 35. g4 c3 36. Bxd5 c2 37. Rc6 Ra1+ 38. Kf2 c1Q 39. Rxc1 Rxc1 0-1

[Event "Avicenna op 16th"]
[Site "Hamedan"]
[Date "2019.09.13"]
[Round "2"]
[White "Aghaei, Alireza"]
[Black "Moradi, Amirmasoud"]
[Result "0-1"]
[WhiteElo "2194"]
[BlackElo "2365"]
[PlyCount "88"]
[EventDate "2019.09.12"]
[EventType "swiss"]
[EventRounds "9"]
[EventCountry "IRI"]
[SourceTitle "EXT 2020"]
[Source "ChessBase"]
[SourceDate "2019.10.17"]
[SourceVersion "1"]
[SourceVersionDate "2019.10.17"]
[SourceQuality "1"]

1. d4 Nf6 2. c4 e6 3. Nf3 b6 4. g3 Bb7 5. Bg2 Bb4+ 6. Bd2 a5 7. 0-0 0-0 8. Bg5 h6 9. Bxf6 Qxf6 10. a3 Be7 11. Nc3 g5 12. e4 Qg7 13. Qd3 d6 14. Ne1 Nd7 15. Nc2 a4 16. f4 gxf4 17. gxf4 Kh8 18. Kh1 Rg8 19. Qh3 Qh7 20. Bf3 Nf6 21. Rae1 e5 22. dxe5 dxe5 23. f5 Bc5 24. Nd5 Nxd5 25. exd5 Rg5 26. Be4 Rag8 27. Qf3 f6 28. Ne3 h5 29. Bc2 h4 30. Rg1 Qh6 31. Rxg5 Qxg5 32. Be4 Ba6 33. h3 Bxe3 34. Qxe3 Bxc4 35. Qf3 Kh7 36. Rd1 Kh6 37. Qf2 b5 38. d6 cxd6 39. Rxd6 Rg7 40. Bd3 Bxd3 41. Rxd3 e4 42. Rd4 Re7 43. Kh2 Re5 44. Qe2 Qg3+ 0-1

[Event "IRI-chT S2 17th"]
[Site "Tehran"]
[Date "2019.04.16"]
[Round "3.2"]
[White "Veisi, Bardia"]
[Black "Moradi, Amirmasoud"]
[Result "1/2-1/2"]
[WhiteElo "2232"]
[BlackElo "2335"]
[PlyCount "62"]
[EventDate "2019.04.15"]
[EventType "team-swiss"]
[EventRounds "7"]
[EventCountry "IRI"]
[SourceTitle "CBM 189 Extra"]
[Source "ChessBase"]
[SourceDate "2019.06.03"]
[SourceVersion "1"]
[SourceVersionDate "2019.06.03"]
[SourceQuality "1"]
[WhiteTeam "Esfahan Zob Ahan"]
[BlackTeam "Hamedan Heyat Shatranj"]
[WhiteTeamCountry "IRI"]
[BlackTeamCountry "IRI"]

1. d4 d5 2. c4 e6 3. Nf3 Nf6 4. g3 Be7 5. Bg2 0-0 6. 0-0 b6 7. cxd5 exd5 8. Nc3 Bb7 9. Re1 Nbd7 10. Bf4 c5 11. dxc5 bxc5 12. Qb3 Qc8 13. Ne5 Nb6 14. Rac1 d4 15. Bxb7 Qxb7 16. Na4 Rac8 17. Nc4 Nfd5 18. Bd6 Rfd8 19. Bxe7 Qxe7 20. e4 dxe3 21. Nxe3 Nxe3 22. Rxe3 Qd6 23. Qb5 Nd5 24. Rd3 Qf6 25. Rxc5 Nb6 26. Rxc8 Rxc8 27. Nc3 h6 28. Re3 Kh7 29. Qd3+ g6 30. Qe2 Kg7 31. Rf3 Qd6 1/2-1/2

[Event "Mashhad Ferdowsi op 9th"]
[Site "Mashhad"]
[Date "2019.03.05"]
[Round "6"]
[White "Moradi, Amirmasoud"]
[Black "Gholami Orimi, Mahdi"]
[Result "0-1"]
[WhiteElo "2297"]
[BlackElo "2408"]
[PlyCount "102"]
[EventDate "2019.03.01"]
[EventType "swiss"]
[EventRounds "9"]
[EventCountry "IRI"]
[SourceTitle "CBM 189 Extra"]
[Source "ChessBase"]
[SourceDate "2019.06.03"]
[SourceVersion "1"]
[SourceVersionDate "2019.06.03"]
[SourceQuality "1"]

1. Nf3 Nf6 2. c4 e6 3. g3 d5 4. Bg2 d4 5. 0-0 c5 6. e3 Nc6 7. exd4 cxd4 8. d3 Be7 9. Qe2 Nd7 10. Na3 0-0 11. Nc2 e5 12. b4 Nxb4 13. Nxb4 Bxb4 14. Nxe5 Qe7 15. f4 f6 16. Bd5+ Kh8 17. Ng6+ hxg6 18. Qg4 Rf7 19. Qxg6 Kg8 20. Rb1 Bd6 21. Bb2 Nf8 22. Qxf7+ Qxf7 23. Bxf7+ Kxf7 24. Bxd4 b6 25. Rfc1 Ne6 26. Be3 Ba6 27. d4 Rd8 28. f5 Ng5 29. c5 Bc7 30. d5 bxc5 31. Bxc5 Rxd5 32. Bxa7 Be5 33. Rd1 Ra5 34. h4 Ne4 35. Rd7+ Kg8 36. Bb8 Nc3 37. Rb3 Ne2+ 38. Kh1 Bc4 39. Re3 Bxb8 40. Rd8+ Kh7 41. Rxb8 Rxf5 42. Rd8 Bb5 43. Rc8 Rf2 44. a3 Bd7 45. Rc7 Bh3 46. g4 Bxg4 47. Rce7 f5 48. R7e5 f4 49. Rd3 f3 50. Rg5 Ng3+ 51. Kg1 Rg2# 0-1

[Event "IRI-ch"]
[Site "Bushehr"]
[Date "2019.01.31"]
[Round "8"]
[White "Firouzja, Alireza"]
[Black "Moradi, Amirmasoud"]
[Result "1-0"]
[WhiteElo "2618"]
[BlackElo "2318"]
[PlyCount "77"]
[EventDate "2019.01.24"]
[EventType "tourn"]
[EventRounds "11"]
[EventCountry "IRI"]
[EventCategory "10"]
[SourceTitle "CBM 188 Extra"]
[Source "ChessBase"]
[SourceDate "2019.02.26"]
[SourceVersion "1"]
[SourceVersionDate "2019.02.26"]
[SourceQuality "1"]

1. e4 e5 2. Nf3 Nc6 3. Bb5 a6 4. Ba4 Nf6 5. 0-0 Be7 6. Re1 b5 7. Bb3 0-0 8. c3 d6 9. h3 Bb7 10. d4 Re8 11. Nbd2 Bf8 12. a3 g6 13. Ba2 Bg7 14. b4 Qd7 15. Bb2 h6 16. d5 Ne7 17. c4 Nh5 18. c5 Bc8 19. a4 Nf4 20. Nf1 g5 21. Ne3 Neg6 22. Bb3 Rb8 23. axb5 axb5 24. Ra7 Qd8 25. Kh2 h5 26. Ng1 g4 27. g3 gxh3 28. Nf5 Qg5 29. Nf3 Qg4 30. Ne3 Qd7 31. Nf5 Ng2 32. Rg1 Ne7 33. Nxd6 cxd6 34. Rxd7 Bxd7 35. Ng5 Bg4 36. f3 Bd7 37. c6 Bc8 38. Nxh3 Ne3 39. Qe2 1-0

[Event "IRI-ch"]
[Site "Bushehr"]
[Date "2019.01.29"]
[Round "6"]
[White "Gholami, Aryan"]
[Black "Moradi, Amirmasoud"]
[Result "1-0"]
[WhiteElo "2488"]
[BlackElo "2318"]
[PlyCount "117"]
[EventDate "2019.01.24"]
[EventType "tourn"]
[EventRounds "11"]
[EventCountry "IRI"]
[EventCategory "10"]
[SourceTitle "CBM 188 Extra"]
[Source "ChessBase"]
[SourceDate "2019.02.26"]
[SourceVersion "1"]
[SourceVersionDate "2019.02.26"]
[SourceQuality "1"]

1. Nf3 Nf6 2. d4 e6 3. Bf4 c5 4. e3 Nc6 5. Nbd2 Be7 6. c3 Nh5 7. Bg3 b6 8. Ne5 Nxg3 9. Nxc6 dxc6 10. hxg3 cxd4 11. exd4 Qc7 12. Bd3 Bb7 13. Qf3 h6 14. Qg4 Bf8 15. a4 a6 16. a5 b5 17. b4 g6 18. Ne4 0-0-0 19. Nc5 Bxc5 20. bxc5 h5 21. Qh4 e5 22. 0-0 exd4 23. cxd4 Rd7 24. Rfd1 Qd8 25. Qf4 h4 26. Be4 hxg3 27. fxg3 f5 28. Bf3 g5 29. Qxf5 Kb8 30. Rac1 Ka7 31. d5 Bc8 32. Qe5 Re8 33. Qc3 g4 34. dxc6 Rxd1+ 35. Rxd1 Qe7 36. Bd5 Qh7 37. Rf1 Re7 38. c7 Qg7 39. Qd2 Qe5 40. c6 Rxc7 41. Re1 Qf6 42. Qe3+ Ka8 43. Qc5 Qd8 44. Re5 Qh8 45. Qd6 Qh7 46. Be4 Qf7 47. Kh2 Kb8 48. Qc5 Ka8 49. Qb6 Qf8 50. Rh5 Qe8 51. Rh6 Qf8 52. Rh4 Qd8 53. Qc5 Qe7 54. Qd4 Qg7 55. Qb6 Qe5 56. Rh6 b4 57. Qxb4 Qb5 58. Qc3 Qa4 59. Qe5 1-0

[Event "IRI-ch"]
[Site "Bushehr"]
[Date "2019.01.24"]
[Round "1"]
[White "Darini, Pouria"]
[Black "Moradi, Amirmasoud"]
[Result "1-0"]
[WhiteElo "2475"]
[BlackElo "2318"]
[PlyCount "101"]
[EventDate "2019.01.24"]
[EventType "tourn"]
[EventRounds "11"]
[EventCountry "IRI"]
[EventCategory "10"]
[SourceTitle "CBM 188 Extra"]
[Source "ChessBase"]
[SourceDate "2019.02.26"]
[SourceVersion "1"]
[SourceVersionDate "2019.02.26"]
[SourceQuality "1"]

1. e4 e5 2. Nf3 Nc6 3. Bb5 a6 4. Ba4 Nf6 5. 0-0 Be7 6. d3 b5 7. Bb3 d6 8. a3 0-0 9. Nc3 Na5 10. Ba2 c5 11. b4 cxb4 12. axb4 Nc6 13. Nd5 Be6 14. Bd2 Nb8 15. Ne3 Nc6 16. Nd5 Nb8 17. Nxf6+ Bxf6 18. Bxe6 fxe6 19. Qb1 Nc6 20. Qb3 Qe8 21. c4 Qd7 22. Ra2 Rfb8 23. Rfa1 Qc8 24. cxb5 Rxb5 25. Qc4 Kf7 26. Rc2 Ne7 27. g4 h6 28. h4 g5 29. Qxc8 Rxc8 30. Rxc8 Nxc8 31. hxg5 Bxg5 32. Nxg5+ hxg5 33. Rxa6 Kf6 34. Rc6 Rb8 35. Kf1 Na7 36. Rxd6 Nb5 37. Rc6 Nd4 38. Rc4 Nf3 39. Ke2 Nd4+ 40. Kf1 Nf3 41. Bc3 Nh2+ 42. Ke2 Ra8 43. b5 Ra2+ 44. Bd2 Nf1 45. Kxf1 Rxd2 46. Rb4 Rxd3 47. b6 Rd8 48. b7 Rb8 49. Ke2 Ke7 50. Rb6 Kd7 51. Kd3 1-0

[Event "IRI-ch sf"]
[Site "Hamedan"]
[Date "2018.11.13"]
[Round "7.2"]
[White "Darini, Pouria"]
[Black "Moradi, Amirmasoud"]
[Result "1-0"]
[WhiteElo "2481"]
[BlackElo "2263"]
[PlyCount "115"]
[EventDate "2018.11.09"]
[EventType "swiss"]
[EventRounds "9"]
[EventCountry "IRI"]
[SourceTitle "CBM 187 Extra"]
[Source "ChessBase"]
[SourceDate "2018.11.04"]
[SourceVersion "1"]
[SourceVersionDate "2018.11.04"]
[SourceQuality "1"]

1. e4 e5 2. Nf3 Nc6 3. d4 exd4 4. Nxd4 Bc5 5. Nb3 Bb6 6. Nc3 Nf6 7. Bg5 0-0 8. Bd3 h6 9. Bh4 a5 10. Nd5 g5 11. Nxb6 cxb6 12. Bg3 d5 13. e5 Re8 14. 0-0 Nxe5 15. Nd4 Nxd3 16. cxd3 Bg4 17. f3 Bh5 18. Nb5 Re7 19. Rc1 Rc8 20. Qd2 Bg6 21. Rxc8 Qxc8 22. Rc1 Qe8 23. Nd6 Qa4 24. Qc3 d4 25. Qc8+ Kg7 26. Qd8 Re6 27. Ne4 Bxe4 28. fxe4 Qd7 29. Rc8 Rc6 30. Qxd7 Nxd7 31. Rd8 Rc1+ 32. Kf2 Rc2+ 33. Kf3 Nc5 34. Be5+ f6 35. Bxd4 Nxd3 36. Rd6 Rc6 37. Bxf6+ Kf7 38. Rxd3 Kxf6 39. Rd5 Ke6 40. Rb5 Kf6 41. g3 Kg6 42. h4 Kh5 43. hxg5 hxg5 44. a3 Rf6+ 45. Rf5 Rd6 46. e5 Rd3+ 47. Ke4 Rxg3 48. e6 Rg1 49. Ke5 Kg6 50. Rf6+ Kg7 51. Rf7+ Kg6 52. Rf8 Re1+ 53. Kd6 Rd1+ 54. Kc7 Re1 55. Kd7 Rd1+ 56. Ke8 Re1 57. e7 g4 58. Kd7 1-0

[Event "Avicenna op 15th"]
[Site "Hamedan"]
[Date "2018.08.24"]
[Round "9"]
[White "Mousavi, Seyed Khalil"]
[Black "Moradi, Amirmasoud"]
[Result "1-0"]
[WhiteElo "2458"]
[BlackElo "2259"]
[PlyCount "124"]
[EventDate "2018.08.17"]
[EventType "swiss"]
[EventRounds "9"]
[EventCountry "IRI"]
[SourceTitle "CBM 186 Extra"]
[Source "ChessBase"]
[SourceDate "2018.08.24"]
[SourceVersion "1"]
[SourceVersionDate "2018.08.24"]
[SourceQuality "1"]

1. d4 Nf6 2. Bf4 e6 3. e3 Bd6 4. Bg3 Bxg3 5. hxg3 d5 6. Nd2 b6 7. g4 Bb7 8. g5 Ne4 9. Nxe4 dxe4 10. Qg4 Qe7 11. 0-0-0 Nd7 12. Bc4 0-0-0 13. Ne2 h6 14. gxh6 gxh6 15. Qh4 Qg5 16. Nf4 e5 17. dxe5 Nxe5 18. Be2 Rxd1+ 19. Bxd1 Qg7 20. Be2 Kb8 21. Rh3 Ng6 22. Qg3 Qf6 23. Nh5 Qe6 24. Kb1 Rd8 25. Nf4 Nxf4 26. exf4 Ba6 27. Bh5 Qd6 28. a3 Qc5 29. Qe3 Qc4 30. Rh1 Rd6 31. f5 Bc8 32. Be2 Qc5 33. Qxc5 bxc5 34. g4 Ba6 35. Bxa6 Rxa6 36. Re1 Ra4 37. c3 e3 38. f3 h5 39. gxh5 Rh4 40. Rxe3 Rxh5 41. Re5 c4 42. f4 Kb7 43. Ka2 Kc6 44. a4 Kd6 45. Ra5 Rh4 46. Rxa7 Rxf4 47. Ra5 Rf1 48. Rb5 c6 49. Rb4 Rxf5 50. Rxc4 Rf2 51. Ka3 f5 52. a5 Kc7 53. Rb4 Rf1 54. Ka2 Re1 55. a6 Re8 56. Rb7+ Kd6 57. a7 Ra8 58. Kb3 Kd5 59. Kb4 f4 60. Ka5 f3 61. Kb6 Ke6 62. Rh7 Kd5 1-0

[Event "Hamedan op 17th"]
[Site "Hamedan"]
[Date "2018.08.14"]
[Round "9"]
[White "Moradi, Amirmasoud"]
[Black "Mahdavi, Hassan"]
[Result "0-1"]
[WhiteElo "2259"]
[BlackElo "2110"]
[PlyCount "154"]
[EventDate "2018.08.09"]
[EventType "swiss"]
[EventRounds "11"]
[EventCountry "IRI"]
[SourceTitle "CBM 186 Extra"]
[Source "ChessBase"]
[SourceDate "2018.08.24"]
[SourceVersion "1"]
[SourceVersionDate "2018.08.24"]
[SourceQuality "1"]

1. e4 e5 2. Nf3 Nc6 3. Bb5 a6 4. Ba4 d6 5. c3 Bd7 6. 0-0 g6 7. d4 Bg7 8. d5 Nce7 9. c4 b5 10. Bb3 bxc4 11. Bxc4 h6 12. Nc3 f5 13. Qe2 Qc8 14. b3 f4 15. Ba3 g5 16. Nd2 g4 17. f3 h5 18. Kf2 g3+ 19. Ke1 h4 20. h3 Bxh3 21. gxh3 Qxh3 22. Kd1 Qc8 23. Kc2 h3 24. Rh1 Nf6 25. Rag1 h2 26. Rg2 Ng6 27. Nf1 Nh4 28. Nxg3 Nxg2 29. Nf5 Ne3+ 30. Nxe3 fxe3 31. Rxh2 Rxh2 32. Qxh2 Kf7 33. Bc1 Qh8 34. Qxh8 Bxh8 35. Bxe3 Nh5 36. a4 Ke7 37. a5 Kd7 38. Na2 Kc8 39. Nb4 Kb7 40. Bf1 Nf6 41. Nc6 Rf8 42. Nb4 Ra8 43. Bh3 Rg8 44. Bf2 Bg7 45. Bf1 Ra8 46. Nc6 Nd7 47. Bh3 Nf6 48. Be3 Rh8 49. Bf5 Nh5 50. b4 Ng3 51. Bd7 Rh2+ 52. Kd3 Bf6 53. b5 Rb2 54. bxa6+ Kxa6 55. Kc4 Rc2+ 56. Kb4 Rb2+ 57. Ka4 Ra2+ 58. Kb4 Rb2+ 59. Kc4 Rc2+ 60. Kd3 Rb2 61. Bd2 Kb7 62. Nb4 Rb3+ 63. Bc3 Ne2 64. Kxe2 Rxc3 65. Kf2 Ra3 66. Nc6 Bh4+ 67. Ke2 Ra2+ 68. Kd1 Bg5 69. Bg4 Bd2 70. Ke2 Bxa5+ 71. Kd3 Ra3+ 72. Kc2 Kb6 73. Kb2 Re3 74. Ka2 Be1 75. Kb2 Kc5 76. Nd8 Kc4 77. Nc6 Bc3+ 0-1

[Event "Bandar e Anzali Khazar Cup 16th"]
[Site "Bandar e Anzali"]
[Date "2018.03.03"]
[Round "6"]
[White "Moradi, Amirmasoud"]
[Black "Dvirnyy, Danyyil"]
[Result "1-0"]
[WhiteElo "2259"]
[BlackElo "2537"]
[PlyCount "51"]
[EventDate "2018.02.27"]
[EventType "swiss"]
[EventRounds "9"]
[EventCountry "IRI"]
[SourceTitle "CBM 183 Extra"]
[Source "ChessBase"]
[SourceDate "2018.04.19"]
[SourceVersion "1"]
[SourceVersionDate "2018.04.19"]
[SourceQuality "1"]

1. e4 c5 2. Nf3 d6 3. d4 cxd4 4. Nxd4 Nf6 5. Nc3 a6 6. Be2 e5 7. Nf3 h6 8. Nd2 Be7 9. Nc4 Qc7 10. a4 Be6 11. Nd5 Nxd5 12. exd5 Bf5 13. Ne3 Bc8 14. Ra3 0-0 15. Rc3 Qd8 16. g4 Bh4 17. Nf5 Bxf5 18. gxf5 Re8 19. Rg1 Kf8 20. Bh5 Bf6 21. Bxh6 gxh6 22. Bxf7 Kxf7 23. Qh5+ Ke7 24. Qxh6 Kd7 25. Rg6 Rf8 26. Rg7+ 1-0

[Event "IRI-ch sf"]
[Site "Hamedan"]
[Date "2017.11.03"]
[Round "3"]
[White "Lorparizangeneh, Shahin"]
[Black "Moradi, Amirmasoud"]
[Result "1/2-1/2"]
[WhiteElo "2485"]
[BlackElo "2202"]
[PlyCount "233"]
[EventDate "2017.11.02"]
[EventType "swiss"]
[EventRounds "9"]
[EventCountry "IRI"]
[SourceTitle "CBM 181 Extra"]
[Source "ChessBase"]
[SourceDate "2017.12.12"]
[SourceVersion "1"]
[SourceVersionDate "2017.12.12"]
[SourceQuality "1"]

1. d4 Nf6 2. c4 e6 3. g3 d5 4. Nf3 b6 5. cxd5 exd5 6. Nc3 Be7 7. Bg2 0-0 8. 0-0 Bb7 9. Bf4 Re8 10. Rc1 c6 11. Ne5 Nbd7 12. e4 dxe4 13. Nxe4 Nxe4 14. Bxe4 Nxe5 15. dxe5 Bc5 16. Qf3 Qe7 17. Rfd1 Rad8 18. h4 h6 19. Bc2 Rxd1+ 20. Rxd1 Rd8 21. Be4 Rd4 22. Re1 Bb4 23. Rc1 Bd2 24. Bxd2 Rxd2 25. Qf5 g6 26. Qf6 Qxf6 27. exf6 Rd6 28. b4 a6 29. a4 b5 30. axb5 axb5 31. Ra1 Rxf6 32. Ra7 Re6 33. Bf3 Re7 34. Kf1 Rd7 35. h5 gxh5 36. Ke1 h4 37. gxh4 Kg7 38. Ke2 Kf6 39. Bg4 Re7+ 40. Kd2 Rc7 41. Ke3 Ke5 42. Bc8 Rxc8 43. Rxb7 Kd5 44. Kd3 Rf8 45. h5 Rd8 46. Kc3 Ke6 47. Rc7 Rd6 48. f3 Kf6 49. f4 Ke6 50. Kc2 Kf6 51. Kc3 Kg7 52. Kc2 Kf8 53. Kc3 Kg8 54. Rc8+ Kh7 55. Rc7 Kg7 56. Kc2 Rd4 57. Rxc6 Rxb4 58. Rb6 Rxf4 59. Rxb5 Kf6 60. Kd3 Rf5 61. Rb6+ Kg7 62. Ke4 Rxh5 63. Kf4 Rg5 64. Rc6 Rg6 65. Rc5 Rb6 66. Rc8 Kf6 67. Kg4 Rd6 68. Kh5 Kg7 69. Rc5 Rd1 70. Rb5 Rh1+ 71. Kg4 Kg6 72. Rb6+ f6 73. Rb8 h5+ 74. Kg3 Rc1 75. Rg8+ Kf5 76. Rh8 Rg1+ 77. Kf3 Rg5 78. Rb8 Rg7 79. Rb5+ Kg6 80. Rb8 Rc7 81. Kg3 Rc3+ 82. Kh4 Rc4+ 83. Kg3 Kg5 84. Rg8+ Kf5 85. Rb8 Re4 86. Ra8 Re3+ 87. Kh4 Kf4 88. Kxh5 f5 89. Ra4+ Re4 90. Ra3 Re2 91. Ra4+ Re4 92. Ra3 Re8 93. Ra4+ Kg3 94. Ra3+ Kf4 95. Ra4+ Ke5 96. Ra5+ Kf6 97. Kh4 Re3 98. Rb5 Rd3 99. Ra5 Ke6 100. Rb5 Rd5 101. Rb6+ Ke5 102. Kg3 Rd3+ 103. Kf2 Kf4 104. Rb4+ Kg5 105. Ra4 Rc3 106. Rb4 Rh3 107. Ra4 Rh8 108. Kf3 Rh3+ 109. Kf2 Rh1 110. Kg2 Re1 111. Kf2 Re5 112. Kf3 Rb5 113. Kf2 Rc5 114. Kf3 f4 115. Ra8 Rc3+ 116. Kf2 Rc2+ 117. Kf3 1/2-1/2

[Event "Avicenna op 14th"]
[Site "Hamedan"]
[Date "2017.08.28"]
[Round "9"]
[White "Korneev, Oleg"]
[Black "Moradi, Amirmasoud"]
[Result "1-0"]
[WhiteElo "2566"]
[BlackElo "2167"]
[PlyCount "113"]
[EventDate "2017.08.21"]
[EventType "swiss"]
[EventRounds "9"]
[EventCountry "IRI"]
[SourceTitle "CBM 180 Extra"]
[Source "ChessBase"]
[SourceDate "2017.10.06"]
[SourceVersion "1"]
[SourceVersionDate "2017.10.06"]
[SourceQuality "1"]

1. e4 e5 2. Nf3 Nc6 3. Bb5 a6 4. Ba4 Nf6 5. 0-0 b5 6. Bb3 Bc5 7. Nc3 d6 8. Nd5 h6 9. c3 0-0 10. a4 Bb7 11. d4 Ba7 12. Re1 Re8 13. Nxf6+ Qxf6 14. Bd5 Nd8 15. axb5 axb5 16. Be3 c6 17. dxe5 dxe5 18. Bxf7+ Nxf7 19. Rxa7 Rxa7 20. Bxa7 Rd8 21. Qe2 Bc8 22. Bb6 Rd6 23. Bc5 Rd8 24. Nd2 Ng5 25. Be3 Be6 26. f3 Bf7 27. Bxg5 hxg5 28. Nf1 Bc4 29. Qf2 Bxf1 30. Rxf1 Rd3 31. Qe2 Qd6 32. h3 c5 33. Kh2 c4 34. Ra1 Qf6 35. Qf2 Qf4+ 36. Qg3 Rd2 37. Ra7 Kf8 38. Rc7 Rxb2 39. Rc5 Rb1 40. Qxf4+ exf4 41. Rxg5 Rb3 42. h4 Kf7 43. h5 Rxc3 44. Rxb5 Rc2 45. Rf5+ Ke6 46. Rxf4 c3 47. Rg4 Kf7 48. Rg6 Re2 49. Rc6 c2 50. Kh3 Ke7 51. g4 Kd7 52. Rc4 Ke6 53. Kg3 Ke5 54. g5 Rd2 55. h6 gxh6 56. gxh6 Kf6 57. Rc7 1-0

[Event "Hamedan op"]
[Site "Hamedan"]
[Date "2017.08.17"]
[Round "8"]
[White "Moradi, Amirmasoud"]
[Black "Sedghi, Babak"]
[Result "1-0"]
[WhiteElo "2167"]
[BlackElo "1910"]
[PlyCount "124"]
[EventDate "2017.08.12"]
[EventType "swiss"]
[EventRounds "11"]
[EventCountry "IRI"]
[SourceTitle "CBM 180 Extra"]
[Source "ChessBase"]
[SourceDate "2017.10.06"]
[SourceVersion "1"]
[SourceVersionDate "2017.10.06"]
[SourceQuality "1"]

1. e4 c6 2. Nc3 d5 3. Nf3 Bg4 4. h3 Bxf3 5. Qxf3 e6 6. d4 Nf6 7. Bd3 Be7 8. e5 Nfd7 9. Qg3 g6 10. h4 c5 11. h5 Rg8 12. hxg6 hxg6 13. dxc5 Nc6 14. Bd2 Nxc5 15. 0-0-0 Nxd3+ 16. cxd3 Qb6 17. Rh7 Qd4 18. Qf4 Qxf4 19. Bxf4 g5 20. Bg3 Nd4 21. f3 Rc8 22. Kb1 Nf5 23. Bf2 g4 24. Bxa7 gxf3 25. gxf3 Bc5 26. Bxc5 Rxc5 27. Rh3 Rg2 28. Rh8+ Ke7 29. Rb8 Rc7 30. Nb5 Rd7 31. Rh1 f6 32. f4 fxe5 33. fxe5 Kf7 34. Rh7+ Rg7 35. Rhh8 Kg6 36. a4 Kg5 37. Rhe8 Rge7 38. Rxe7 Rxe7 39. Nd6 Nxd6 40. exd6 Rd7 41. Rf8 Rxd6 42. d4 Kg6 43. Kc2 Kg7 44. Rb8 Rd7 45. Kc3 Kf6 46. Rf8+ Ke7 47. Rc8 Kd6 48. b4 Rg7 49. b5 Rg3+ 50. Kb4 Rd3 51. b6 Rxd4+ 52. Kb5 Rd1 53. Rd8+ Ke5 54. Rd7 Rb1+ 55. Ka5 d4 56. Rxb7 d3 57. Rd7 Ke4 58. Ka6 Ke3 59. a5 d2 60. b7 e5 61. Ka7 Rb4 62. b8Q Rb1 1-0

[Event "IRI-ch U20"]
[Site "Tehran"]
[Date "2017.04.15"]
[Round "2"]
[White "Moradi, Amirmasoud"]
[Black "Molaei, Mohammadamin"]
[Result "0-1"]
[WhiteElo "2213"]
[BlackElo "2253"]
[PlyCount "90"]
[EventDate "2017.04.14"]
[EventType "tourn"]
[EventRounds "5"]
[EventCountry "IRI"]
[EventCategory "3"]
[SourceTitle "EXT 2018"]
[Source "ChessBase"]
[SourceDate "2017.10.13"]
[SourceVersion "1"]
[SourceVersionDate "2017.10.13"]
[SourceQuality "1"]

1. e4 c5 2. Nf3 g6 3. c3 Bg7 4. Be2 d5 5. exd5 Qxd5 6. d4 cxd4 7. cxd4 Nf6 8. Nc3 Qa5 9. 0-0 0-0 10. Bd2 Nc6 11. h3 Rd8 12. Nb5 Qb6 13. a4 a5 14. Bc4 Bf5 15. Qb3 e6 16. Rfe1 Be4 17. Rxe4 Nxe4 18. Be3 Nb4 19. d5 Nc5 20. dxe6 Nxb3 21. exf7+ Kh8 22. Bxb6 Nxa1 23. Bxd8 Rxd8 24. Ng5 Rd7 25. Ne4 Nac2 26. Nc5 Re7 27. g3 b6 28. Ne6 Rxf7 29. Nd6 Rf6 30. Ng5 h6 31. Ndf7+ Rxf7 32. Nxf7+ Kh7 33. b3 Nd4 34. Kg2 Nbc2 35. Nd6 Bf8 36. Ne4 Be7 37. Nc3 Na1 38. Nd5 Bc5 39. Nf4 g5 40. Nd3 Naxb3 41. f4 Bd6 42. fxg5 hxg5 43. h4 gxh4 44. gxh4 Nd2 45. Bd5 Nb1 0-1

[Event "IRI-ch sf"]
[Site "Arak"]
[Date "2016.11.23"]
[Round "4"]
[White "Alavi, Sayed Javad"]
[Black "Moradi, Amirmasoud"]
[Result "1/2-1/2"]
[WhiteElo "2466"]
[BlackElo "2184"]
[PlyCount "84"]
[EventDate "2016.11.21"]
[EventType "swiss"]
[EventRounds "9"]
[EventCountry "IRI"]
[SourceTitle "CBM 175 Extra"]
[Source "ChessBase"]
[SourceDate "2016.12.12"]
[SourceVersion "1"]
[SourceVersionDate "2016.12.12"]
[SourceQuality "1"]

1. d4 Nf6 2. c4 e6 3. Nf3 b6 4. g3 Ba6 5. Nbd2 d5 6. cxd5 exd5 7. Bg2 Bd6 8. 0-0 0-0 9. b3 Re8 10. Re1 Qe7 11. e3 Nbd7 12. Bb2 Ba3 13. Bxa3 Qxa3 14. Qc1 Qd6 15. Qb2 c5 16. Rac1 h6 17. Red1 cxd4 18. Qxd4 Nc5 19. Nb1 Rad8 20. Nc3 Qe7 21. Rc2 Nce4 22. Rdc1 Nc5 23. Rd1 Nce4 24. Na4 Rc8 25. Rdc1 Qa3 26. Qb2 Qxb2 27. Nxb2 Ng4 28. Rxc8 Rxc8 29. Rxc8+ Bxc8 30. Nd1 Ba6 31. Nd4 Ne5 32. Nf5 Kf8 33. Bxe4 dxe4 34. Nd6 Nf3+ 35. Kg2 Ke7 36. Nxe4 Ne1+ 37. Kg1 Nf3+ 38. Kh1 Bb7 39. Nec3 Nd2+ 40. Kg1 Nf3+ 41. Kg2 Nd2+ 42. Kg1 Nf3+ 1/2-1/2

[Event "Avicenna op 13th"]
[Site "Hamedan"]
[Date "2016.08.24"]
[Round "1"]
[White "Bernadskiy, Vitaliy"]
[Black "Moradi, Amirmasoud"]
[Result "1-0"]
[WhiteElo "2549"]
[BlackElo "2199"]
[PlyCount "77"]
[EventDate "2016.08.24"]
[EventType "swiss"]
[EventRounds "9"]
[EventCountry "IRI"]
[SourceTitle "CBM 174 Extra"]
[Source "ChessBase"]
[SourceDate "2016.10.10"]
[SourceVersion "1"]
[SourceVersionDate "2016.10.10"]
[SourceQuality "1"]

1. d4 Nf6 2. c4 e6 3. Nc3 Bb4 4. e3 0-0 5. Nge2 d5 6. a3 Bd6 7. c5 Be7 8. b4 c6 9. Bb2 Nbd7 10. Ng3 a5 11. Be2 e5 12. dxe5 Nxe5 13. Qd4 Ned7 14. Nf5 Re8 15. g4 Nf8 16. Nxe7+ Rxe7 17. g5 Ne8 18. Rg1 Ne6 19. Qh4 axb4 20. axb4 Rxa1+ 21. Bxa1 g6 22. Na4 d4 23. Nb6 N8g7 24. Qg3 Nf5 25. Qb8 Re8 26. e4 Nfg7 27. Rg3 Bd7 28. Qd6 Bc8 29. Qxd8 Rxd8 30. Ra3 Bd7 31. Nxd7 Rxd7 32. Ra8+ Nd8 33. Bg4 Nge6 34. f4 Kf8 35. h4 Ke8 36. f5 Nc7 37. fxg6 hxg6 38. Bxd7+ Kxd7 39. Ra2 1-0

[Event "Iran-ch U20"]
[Site "Semnan"]
[Date "2016.04.26"]
[Round "9.3"]
[White "Gholami Orimi, Mahdi"]
[Black "Moradi, Amirmasoud"]
[Result "1/2-1/2"]
[WhiteElo "2271"]
[BlackElo "2221"]
[PlyCount "98"]
[EventDate "2016.04.20"]
[EventType "swiss"]
[EventRounds "9"]
[EventCountry "IRI"]
[SourceTitle "EXT 2024"]
[Source "ChessBase"]
[SourceDate "2023.10.10"]
[SourceVersion "1"]
[SourceVersionDate "2023.10.10"]
[SourceQuality "1"]

1. d4 Nf6 2. c4 e6 3. Nc3 Bb4 4. Qc2 0-0 5. a3 Bxc3+ 6. Qxc3 d5 7. e3 Nbd7 8. cxd5 exd5 9. Bd3 Re8 10. Ne2 c6 11. 0-0 Qe7 12. Qc2 Nf8 13. f3 g6 14. Bd2 Ne6 15. b4 Ng7 16. Nc3 Bf5 17. e4 Bc8 18. Rae1 Ne6 19. Ne2 Qd8 20. e5 Nh5 21. f4 f5 22. g4 Nhg7 23. gxf5 Nxf5 24. Bxf5 gxf5 25. Qxf5 Nxd4 26. Qd3 Nf5 27. Ng3 Qb6+ 28. Kh1 Qb5 29. Qf3 d4 30. Qg4+ Kh8 31. Qg5 Qd5+ 32. Kg1 Qe6 33. Qh5 Bd7 34. Kf2 Rf8 35. Ne4 Qa2 36. Ra1 Qc2 37. Qe2 Ne3 38. Bxe3 Qxe4 39. Bd2 Qf5 40. Qf3 Be6 41. Rg1 Qc2 42. Ke1 Rg8 43. Rg3 Bd5 44. Qe2 Bc4 45. Qf3 Bd5 46. Qe2 Bc4 47. Qf3 Bd5 48. Qe2 Bc4 49. Qd1 Qe4+ 1/2-1/2